| 000 | 01438cam a22003857i 4500 | ||
|---|---|---|---|
| 999 |
_c7392 _d7392 |
||
| 001 | 21205724 | ||
| 003 | OSt | ||
| 005 | 20211026103200.0 | ||
| 008 | 190710s2019 enkb b 001 0 eng d | ||
| 010 | _a 2019452131 | ||
| 015 |
_aGBB9C5018 _2bnb |
||
| 016 | 7 |
_a019470131 _2Uk |
|
| 020 |
_a9781906704353 _q(pbk.) |
||
| 020 |
_a190670435X _q(pbk.) |
||
| 035 | _a(OCoLC)on1110434554 | ||
| 040 |
_aUKMGB _beng _cDDC _erda _dOCLCO _dOCLCQ _dOCLCF _dYDX _dSTF _dDLC |
||
| 042 | _alccopycat | ||
| 043 | _af-ug--- | ||
| 050 | 0 | 0 |
_aJS7649.3.A2 _bL63 2019 |
| 082 | 0 | 4 | _a320.8LOC 2019 |
| 100 |
_aBainomugisha,Arthur; Cunningham,Kiran; Tamale,Lillian Muyomba; Muhwezi,Wilson Winstons; _915139 |
||
| 245 | 0 | 0 |
_aLocal governments in Uganda : _bDemocracy, Accountability and Civil Engagement. _cEdited by Bainomugisha,Arthur; Cunningham,Kiran; Tamale,Lillian Muyomba and Muhwezi,Wilson Winstons; |
| 264 | 1 |
_aLondon : _bAdonis & Abbey Publishers Ltd, _c2019 |
|
| 300 |
_axvii,229p; _bmaps ; _c24cm |
||
| 336 |
_atext _btxt _2rdacontent |
||
| 337 |
_aunmediated _bn _2rdamedia |
||
| 338 |
_avolume _bnc _2rdacarrier |
||
| 504 | _aIncludes; bibliographical references and index. | ||
| 650 | 0 |
_aLocal Government. _915140 |
|
| 700 | 1 |
_aBainomugisha, Arthur, _eeditor. _915141 |
|
| 906 |
_a7 _bcbc _ccopycat _d3 _encip _f20 _gy-gencatlg |
||
| 942 |
_2ddc _cO_SHELF |
||